<?xml version="1.0" encoding="utf-8"?>
<?xml-stylesheet type='text/xsl' href='./oai2.xsl'?>
<OAI-PMH xmlns="http://www.openarchives.org/OAI/2.0/" xmlns:xsi="http://www.w3.org/2001/XMLSchema-instance" xsi:schemaLocation="http://www.openarchives.org/OAI/2.0/ http://www.openarchives.org/OAI/2.0/OAI-PMH.xsd">
  <responseDate>2026-06-06T20:23:29Z</responseDate>
  <request verb="GetRecord" metadataPrefix="marcxml" identifier="record_kuniweb_2508524">https://kulturerbe.niedersachsen.de/oai</request>
  <GetRecord>
    <record>
      <header>
        <identifier>record_kuniweb_2508524</identifier>
        <datestamp>2026-03-31T19:09:18Z</datestamp>
        <setSpec>slg0175</setSpec>
      </header>
      <metadata>
        <marc:record xmlns:marc="http://www.loc.gov/MARC21/slim" xsi:schemaLocation="http://www.loc.gov/MARC21/slim http://www.loc.gov/standards/marcxml/schema/MARC21slim.xsd">
          <marc:leader>12345nkm  22     uu 4500</marc:leader>
          <marc:controlfield tag="001">2508524</marc:controlfield>
          <marc:controlfield tag="003">http://kuniweb.gbv.de</marc:controlfield>
          <marc:controlfield tag="005">2024-05-27T13:44:49</marc:controlfield>
          <marc:controlfield tag="008">|           ||||||||||||||||||||||</marc:controlfield>
          <marc:datafield tag="245" ind1="1" ind2="0">
            <marc:subfield code="a">Der Schützenkönig</marc:subfield>
          </marc:datafield>
          <marc:datafield tag="720" ind1=" " ind2=" ">
            <marc:subfield code="a">Nationalgalerie (Berlin)</marc:subfield>
          </marc:datafield>
          <marc:datafield tag="720" ind1=" " ind2=" ">
            <marc:subfield code="a">Franz Kargl</marc:subfield>
          </marc:datafield>
          <marc:datafield tag="720" ind1=" " ind2=" ">
            <marc:subfield code="a">E. A. Seemann (Firma : Leipzig)</marc:subfield>
          </marc:datafield>
          <marc:datafield tag="720" ind1=" " ind2=" ">
            <marc:subfield code="a">Karl Klič</marc:subfield>
          </marc:datafield>
          <marc:datafield tag="720" ind1=" " ind2=" ">
            <marc:subfield code="a">Eduard Meyerheim</marc:subfield>
          </marc:datafield>
          <marc:datafield tag="655" ind1=" " ind2="7">
            <marc:subfield code="a">Grafik</marc:subfield>
          </marc:datafield>
          <marc:datafield tag="046" ind1=" " ind2=" ">
            <marc:subfield code="k">1880</marc:subfield>
            <marc:subfield code="k">ca. 1880 - ca. 1881 (Veröffentlichung der Reproduktion in der "Zeitschrift für bildende Kunst" 1881)</marc:subfield>
            <marc:subfield code="l">1881</marc:subfield>
          </marc:datafield>
          <marc:datafield tag="260" ind1=" " ind2=" ">
            <marc:subfield code="g">1880</marc:subfield>
            <marc:subfield code="g">1881</marc:subfield>
            <marc:subfield code="g">ca. 1880 - ca. 1881 (Veröffentlichung der Reproduktion in der "Zeitschrift für bildende Kunst" 1881)</marc:subfield>
          </marc:datafield>
          <marc:datafield tag="300" ind1=" " ind2=" ">
            <marc:subfield code="a">Breite: 288 mm (Blatt)
Höhe: 163 mm (Darstellung)
Breite: 222 mm (Darstellung)
Höhe: 196 mm (Blatt)</marc:subfield>
          </marc:datafield>
          <marc:datafield tag="520" ind1=" " ind2=" ">
            <marc:subfield code="a">Heliogravüre von Karel Klíč nach dem Gemälde Eduard Meyerheims "Das Schützenfest" (1836, Nationalgalerie Berlin [?]). Reproduktion erschienen als Beilage in der "Zeitschrift für bildende Kunst" 1881 mit der Notiz: "Wir sind heute in der Lage, das prächtige Bild Meyerheims [...] nach einer Originalphotographie in Heliogravüre den Lesern zu präsentieren. [...] Wir wollen hier [...] der Freude darüber Ausdruck geben, daß es nun auch bei uns gelingen will, direkte Aufnahmen von Ölgemälden ohne störende Retouchen in der Klarheit, wie sie das vorliegende Blatt zeigt, und selbst in den kleinen Dimensionen, welche unser Format vorschreibt, auf befriedigende Weise heliographisch zu reproduciren. Da sowohl das Original als auch das photographische Bild in diesem Falle der Heliogravüre ungewöhnliche Schwierigkeiten in den Weg stellten, darf man hoffen, daß bei günstigeren Vorlagen sich durch das von Klič eingeführte und in steter Vervollkommnung begriffene Verfahren bald noch weit bessere Resultate werden erzielen lassen." (ZfbK 1881, S. 132) (T. Mahler 05/2024)

Aufschrift:
"16/4" verso u. re. (Angaben zur Auflage ("Zeitschrift für bildende Kunst", Bd. 16, Heft 4, Leipzig 1881))

Aufdruck:
"F. Meyerheim p./ Verlag von E.A. Seemann Leipzig." u. li. "DER SCHÜTZENKÖNIG./ Nationalgalerie in Berlin" u. mittig "Heliogr. Klič. Wien/ Druck von F. Kargl. Wien" u. re. (unterhalb der Darstellung innerhalb der Druckplatte)

Gravur:
"E. Meyerheim./ 1836." u. re. (Signatur und Datierung des Künstlers innerhalb der Darstellung in der Reproduktion übernommen)

Veröffentlicht in:
Zeitschrift für bildende Kunst. Mit dem Beiblatt Kunst-Chronik, hrsg. von Carl von Lützow (Bd. 16, 4), Leipzig (1881).</marc:subfield>
          </marc:datafield>
          <marc:datafield tag="650" ind1="1" ind2=" ">
            <marc:subfield code="a">Grafik, Fotografie &gt; Druckgrafik &gt; Tiefdruck &gt; Heliogravüre</marc:subfield>
          </marc:datafield>
          <marc:datafield tag="773" ind1="0" ind2=" ">
            <marc:subfield code="t">Sammlung und Nachlass Hermann Allmers</marc:subfield>
          </marc:datafield>
          <marc:datafield tag="852" ind1=" " ind2=" ">
            <marc:subfield code="a">Archiv des Landkreises Cuxhaven</marc:subfield>
          </marc:datafield>
          <marc:datafield tag="852" ind1=" " ind2=" ">
            <marc:subfield code="a">Wien</marc:subfield>
          </marc:datafield>
          <marc:datafield tag="" ind1=" " ind2=" ">
            <marc:subfield code="a">Sammlung und Nachlass Hermann Allmers sind Eigentum der Hermann-Allmers-Gesellschaft e. V. und werden in zwei Teilen an zwei Standorten verwahrt:
Die (museale) Sammlung, bestehend aus Mobiliar und Hausgerät, Tafelgemälden, kleineren und größeren Antiken, Gipsabgüssen, kunsthandwerklichen Objekten aus Keramik und Glas und einer kleinen Bibliothek, befindet sich im Allmers-Haus in Rechtenfleth.
Der literarische, grafische und fotografische "Nachlass Hermann Allmers" hingegen ist im Archiv des Landkreises Cuxhaven in Otterndorf deponiert.</marc:subfield>
          </marc:datafield>
          <marc:datafield tag="" ind1=" " ind2=" ">
            <marc:subfield code="a">Namensnennung - Nicht kommerziell - Keine Bearbeitungen 4.0 International (CC BY-NC-ND 4.0)</marc:subfield>
          </marc:datafield>
        </marc:record>
      </metadata>
    </record>
  </GetRecord>
</OAI-PMH>
